Les Noves institucions jurídiques i culturals per a la dona / Generalitat de Catalunya. Departament de Cultura
Descripción Física:
31 p., XII làm. ; 23 cm
MARC
| LEADER | 00000nam a2200000Ia 4500 | ||
|---|---|---|---|
| 001 | 1171 | ||
| 008 | 160829s1937 xx 000 0 cat d | ||
| 080 | |a RF-4-49 | ||
| 245 | |a Les Noves institucions jurídiques i culturals per a la dona / Generalitat de Catalunya. Departament de Cultura | ||
| 260 | |a Barcelona : |b (Inst. Gràf. Oliva de Vilanova), |c 1937 | ||
| 300 | |a 31 p., XII làm. ; |c 23 cm | ||
| 590 | |a Setmana d'Activitats Femenines (1937 : Barcelona) | ||
| 650 | |a Dones casades |x Dret i legislació |x Catalunya |9 32804 | ||
| 650 | |a Dones |x Educació |9 46487 | ||
| 650 | |a Institucions públiques |x Catalunya |9 32806 | ||
| 710 | 2 | |a Catalunya. |b Departament de Cultura |9 52819 | |
| 856 | 4 | |u https://media.diba.cat/diba/fitxers/arxiu/fulletons/bib_1171_1937_baixa.pdf |y Accés lliure | |
| 856 | 4 | |u https://media.diba.cat/diba/fitxers/arxiu/fulletons/bib_1171_1937_baixa.pdf |y Accés lliure | |
| 901 | |a Arxiu | ||
| 942 | |n 1 |2 udc | ||
| 952 | |0 0 |1 0 |4 0 |6 RF449 |7 1 |9 46107 |a Arxiu |b Arxiu |d 2016-12-01 |l 0 |o RF-4-49 |p 1171 |r 2016-12-01 00:00:00 |w 2016-12-01 |y ARXIU | ||
| 999 | |c 49609 |d 49609 | ||
| 900 | |a bib_1171_1937_baixa.pdf | ||